| 000 | 00435nam a22001697a 4500 | ||
|---|---|---|---|
| 005 | 20220304140423.0 | ||
| 008 | 220304b ||||| |||| 00| 0 eng d | ||
| 020 | _a00 | ||
| 040 | _cOCLC | ||
| 082 |
_2DDC23 _a891.451 2 _bGHO |
||
| 100 |
_aGHOSH, AJIT KR _eAUTHOR |
||
| 245 |
_aNATAKER KATHA _hBENGALI |
||
| 250 | _a1ST | ||
| 260 |
_aKOLKATTA _bKRISHNA LAL GHOSH, SHUPRAKASH PVT LTD _c1959 |
||
| 300 |
_a176p; _c20CM |
||
| 942 |
_2ddc _cBK |
||
| 999 |
_c24986 _d24986 |
||